ბათუმის შოთა რუსთაველის სახელმწიფო უნივერსიტეტის ბიბლიოთეკა

აკაკი შანიძე (ბიბ.ჩანაწერი № 51086)

000 -LEADER
fixed length control field 00706nam a2200217Ia 4500
001 - CONTROL NUMBER
control field 18043
003 - CONTROL NUMBER IDENTIFIER
control field GE_BSU
008 - FIXED-LENGTH DATA ELEMENTS--GENERAL INFORMATION
fixed length control field 181216s||||||||xx |||||||||||||| ||und||
040 ## - CATALOGING SOURCE
Transcribing agency GE_BSU
080 ## - UNIVERSAL DECIMAL CLASSIFICATION NUMBER
Universal Decimal Classification number 81(479.22)(092)
100 ## - MAIN ENTRY--PERSONAL NAME
Personal name ძიძიგური, შოთა
245 ## - TITLE STATEMENT
Title აკაკი შანიძე
245 ## - TITLE STATEMENT
Remainder of title [ცხოვრება და მოღვაწეობა]
260 ## - PUBLICATION, DISTRIBUTION, ETC.
Place of publication, distribution, etc. თბილისი
260 ## - PUBLICATION, DISTRIBUTION, ETC.
Name of publisher, distributor, etc. თბილ. უნ-ტის გამ-ბა
260 ## - PUBLICATION, DISTRIBUTION, ETC.
Date of publication, distribution, etc. 1977
300 ## - PHYSICAL DESCRIPTION
Extent 99გვ. : ილ. ; 20სმ.
653 ## - INDEX TERM--UNCONTROLLED
Uncontrolled term აკაკი შანიძე
653 ## - INDEX TERM--UNCONTROLLED
Uncontrolled term ქართველი ენათმეცნიერი
942 ## - ADDED ENTRY ELEMENTS (KOHA)
Koha item type წიგნი
ეგზემპლარები
Withdrawn status Lost status Damaged status Not for loan Date acquired Barcode Date last seen Price effective from Koha item type
        2018-12-17 45995 2018-12-17 2018-12-17 წიგნი
        2018-12-17 45996 2018-12-17 2018-12-17 წიგნი
        2018-12-17 45997 2018-12-17 2018-12-17 წიგნი
        2018-12-17 45998 2018-12-17 2018-12-17 წიგნი